|
|
|
|
| LEADER |
01084cam a2200277 7i4500 |
| 001 |
0000054010 |
| 005 |
20200717090000.0 |
| 020 |
|
|
|a 9783662530221 (electronic book)
|
| 090 |
0 |
0 |
|a HD9502.A2
|b Z84 2017
|
| 100 |
1 |
|
|a Zweifel, Peter
|
| 245 |
1 |
0 |
|a Energy economics :
|b theory and applications
|c Peter Zweifel, Aaron Praktiknjo, Georg Erdmann.
|
| 264 |
|
1 |
|a Berlin, Germany:
|b Springer,
|c 2017.
|
| 300 |
|
|
|a 1 online resource (xx, 324 pages):
|b illustrations, text file, PDF.
|
| 336 |
|
|
|a text
|2 rdacontent
|
| 337 |
|
|
|a computer
|2 rdamedia
|
| 338 |
|
|
|a online resource
|2 rdacarrier
|
| 490 |
0 |
|
|a Springer texts in business and economics
|
| 650 |
|
0 |
|a Energy industries --
|x Economic aspects
|
| 650 |
|
0 |
|a Power resources --
|x Economic aspects
|
| 650 |
|
0 |
|a Econometrics
|
| 655 |
|
0 |
|a Electronic books
|
| 700 |
1 |
|
|a Praktiknjo, Aaron
|
| 700 |
1 |
|
|a Erdmann, Georg
|
| 856 |
4 |
2 |
|u http://library.unisel.edu.my/equip-unisel/custom/ebook_catalog/2017BookEnergyEconomicscompressed.pdf
|
| 997 |
|
|
|a Business & Accountancy, Faculty
|
| 999 |
|
|
|a EBO0000408
|b EBOOK
|c EBOOK
|e Electronic resources
|